000 00397nam a22001457a 4500
020 _a0070042810
040 _cNust
082 _a531.0151
_bBEE
100 _aFerdinard P Beer
_9127371
245 _aVector mechanics for engineers
_bDynamics
250 _a3rd Edition
260 _aNew York:
_bMcGraw Hill company,
_c1997.
650 _aVector mechanics for engineers
_991899
942 _2ddc
_cBK
999 _c612508
_d612508